King and Other Poems/ (Record no. 210981)

MARC details
000 -LEADER
fixed length control field 00553nam a22002057a 4500
005 - DATE AND TIME OF LATEST TRANSACTION
control field 20250416144644.0
010 ## - LCCN (DPL NO)
LC control number ENG-144650
020 ## - INTERNATIONAL STANDARD BOOK NUMBER
Terms of availability 100.00
035 ## - SYSTEM CONTROL NUMBER
System control number EN-128182
037 ## - SOURCE OF ACQUISITION
Source of stock number/acquisition DBAD
082 ## - DEWEY DECIMAL CLASSIFICATION NUMBER
Classification number 881
100 ## - MAIN ENTRY--PERSONAL NAME
Personal name Baneerjee, Amit
245 ## - TITLE STATEMENT
Title King and Other Poems/
Statement of responsibility, etc Amit Baneerjee
250 ## - EDITION STATEMENT
Edition statement 1
260 ## - PUBLICATION, DISTRIBUTION, ETC. (IMPRINT)
Place of publication, distribution, etc Kolkata
Name of publisher, distributor, etc Antarika
Date of publication, distribution, etc 2010
270 ## - ADDRESS
Address 2/17 Kailash Ghosh Road
City Kolkata
Postal code 700008
Telephone number 9433490967
Electronic mail address amitbndhpdh5@gmail.com
300 ## - PHYSICAL DESCRIPTION
Extent 83p.
Dimensions 22(hb)
760 ## - MAIN SERIES ENTRY
Edition 1
942 ## - ADDED ENTRY ELEMENTS (KOHA)
Source of classification or shelving scheme Dewey Decimal Classification
Item type English Books
Classification part 881
Call number suffix BAN
Edition 1
Holdings
Withdrawn status Lost status Not for loan Collection code Home library Current library Date acquired Source of acquisition Cost, normal purchase price Full call number Barcode Copy number Cost, replacement price Koha item type
      Fiction Janak Puri Janak Puri 16/04/2025 DBAD 100.00 881 BAN EN-128182 1 100.00 English Books

© Delhi Public Library
Hit Counter
free hit counter